Financial management for decentralised governance (Record no. 61577)

000 -LEADER
fixed length control field 01239pab a2200193 454500
008 - FIXED-LENGTH DATA ELEMENTS--GENERAL INFORMATION
fixed length control field 180718b2003 xxu||||| |||| 00| 0 eng d
100 ## - MAIN ENTRY--PERSONAL NAME
Personal name Sarada, A.
245 ## - TITLE STATEMENT
Title Financial management for decentralised governance
260 ## - PUBLICATION, DISTRIBUTION, ETC.
Date of publication, distribution, etc. 2003
300 ## - PHYSICAL DESCRIPTION
Extent p.693-710.
362 ## - DATES OF PUBLICATION AND/OR SEQUENTIAL DESIGNATION
Dates of publication and/or sequential designation Oct-Dec
520 ## - SUMMARY, ETC.
Summary, etc. The local bodies, both rural and urban, do not have many resources of revenue and mainly depend on the resources from state governments. As a result these institutions of decentralised governance are under severe financial constraint. One of the traditional ways of safeguarding the fiscal balance is through a strict adherence to appropriate budgeting techniques and procedures. The same financial prudence is relevant for the management of finances of local bodies as well, since they have emerged as a major entity in implementing developmental activities at the local level. With growing revenue and fiscal deficit year after year, the enactment of necessary legislation for fiscal responsibility assures greater importance. - Reproduced.
650 ## - SUBJECT ADDED ENTRY--TOPICAL TERM
Topical term or geographic name entry element Public administration
650 ## - SUBJECT ADDED ENTRY--TOPICAL TERM
Topical term or geographic name entry element Decentralization
650 ## - SUBJECT ADDED ENTRY--TOPICAL TERM
Topical term or geographic name entry element Financial administration
773 ## - HOST ITEM ENTRY
Main entry heading Indian Journal of Public Administration
908 ## - PUT COMMAND PARAMETER (RLIN)
Put command parameter N
909 ## -
-- 61577
Holdings
Withdrawn status Lost status Damaged status Not for loan Permanent Location Current Location Date acquired Serial Enumeration / chronology Barcode Date last seen Price effective from Koha item type
        Indian Institute of Public Administration Indian Institute of Public Administration 2018-07-19 Volume no: 49, Issue no: 4 AR62027 2018-07-19 2018-07-19 Articles

Powered by Koha